000 00402nam a2200169Ia 4500
008 210210b1935 xxu||||| |||| 00| 0 eng d
041 _aeng
082 _a874/81
100 _aKOCHI KERALAVARMA AMMAMAN THAMPURAN
245 _aGadyapushpanjali part I
260 _a
_b-
_c1935
650 _apart
650 _aI
650 _aGadyapushpanjali
690 _aMalayalam Criticism
906 _a002663
999 _c124630
_d124630